00257nam a2200097Ia 4500008004000000082001600040100001000056245004400066260004100110300000800151210210b1977 xxu||||| |||| 00| 0 eng d a944.07 MARE aMARX. aEighteenth brumaire of Louis Bonaparte. aMoscow.bProgress Publishers.,c1977 a132